Reading Rhymes, Level 1

Bibliographic Details
Main Author: Love,, Elizabeth
Format: Book
Published: Kuala Lunpur : Penerbit Fajar Bakti Sdn.Bhd. , 2004
Subjects:

MARC

LEADER 00000cam a2200000 7i4500
001 0000058677
005 20010101.0
008 080218s2004
020 |a 967658004X 
090 0 0 |a JR 028 REA 
100 1 |a Love,, Elizabeth 
245 0 0 |a Reading Rhymes, Level 1   |c Elizabeth Love 
260 |a Kuala Lunpur :   |b Penerbit Fajar Bakti Sdn.Bhd. ,   |c 2004 
300 |a 1 Video Disc :   |b sd.col.; ;   |c 12cm. 
650 0 0 |a Reading and Reading 
999 |a CD 001514   |b Digital Video Disc (DVD)   |c Koleksi Media   |e Perpustakaan Cawangan Masjid Tanah 
999 |a CD 001515   |b Digital Video Disc (DVD)   |c Koleksi Media   |e Perpustakaan Cawangan Merlimau 
999 |a CD 001516   |b Digital Video Disc (DVD)   |c Koleksi Media   |e Perbadanan Perpustakaan Awam Melaka 
999 |a CD 001517   |b Digital Video Disc (DVD)   |c Koleksi Media   |e Perbadanan Perpustakaan Awam Melaka